• 首页
  • 本馆介绍
  • 公告通知
  • 最新文献
  • 馆藏检索
  • 电子资源
  • 读者导购
  • 参考咨询
  • 我的图书馆
  • 登录
  • 详细信息显示
  • 放入我的书架
  • 预约/预借图书
  • 作者相关作品
  • 分类相关作品
  • 丛书相关作品
  • 出版社相关作品

书目信息

  • 表格格式
  • 工作单格式
  • 卡片格式
题名:
AutoCAD 2016小型商铺室内设计案例详解
    
 
作者: 王晓明 , 谭贡霞 编著
分册:  
出版信息: 北京   电子工业出版社  2017.02
页数: 10,492页
开本: 26cm
丛书名: 案例详解视频大讲堂
单 册:
中图分类: TU238-39
科图分类:
主题词: 商店--室内装饰设计--计算机辅助设计--AutoCAD软件
电子资源:
ISBN: 978-7-121-30799-7
000 01183nam 2200277 450
001 0400006635
005 20171105102607.0
010    @a978-7-121-30799-7@dCNY79.00
010    @a978-7-89394-274-7@b光盘@d赠品
100    @a20170427d2017 em y0chiy0110 ea
101 0  @achi
102    @aCN@b110000
105    @aa z 000yy
106    @ar
200 1  @aAutoCAD 2016小型商铺室内设计案例详解@f王晓明,谭贡霞编著
210    @a北京@c电子工业出版社@d2017.02
215    @a10,492页@c图@d26cm
225 2  @a案例详解视频大讲堂
330    @a本书以AutoCAD 2016版为平台,主要讲解AutoCAD 2016中文版在小型商业店铺设计中的设计技巧和方法。全书分为三部分,第一部分为基础知识,介绍AutoCAD 2016在室内设计中的基本绘图操作,第二部分讲解小型商业店铺工程的应用案例,第三部分为详图和施工图打印篇。全书讲解由浅入深、简单实用,方便读者快速掌握AutoCAD的相关制图命令,并通过系统的案例能使读者迅速掌握AutoCAD在小型商业店铺设计中的绘图技巧。
410  0 @12001 @a案例详解视频大讲堂
606 0  @a商店@x室内装饰设计@x计算机辅助设计@xAutoCAD软件
690    @aTU238-39@v5
701  0 @a王晓明@4编著
701  0 @a谭贡霞@4编著
801  0 @aCN@b上海新华@c20171105
905    @b1023944-7,4361@dTU238-39@e1379@f5
    
    AutoCAD 2016小型商铺室内设计案例详解/王晓明,谭贡霞编著.-北京:电子工业出版社,2017.02
    10,492页:图;26cm.-(案例详解视频大讲堂)
    
    
    ISBN 978-7-121-30799-7:CNY79.00
    本书以AutoCAD 2016版为平台,主要讲解AutoCAD 2016中文版在小型商业店铺设计中的设计技巧和方法。全书分为三部分,第一部分为基础知识,介绍AutoCAD 2016在室内设计中的基本绘图操作,第二部分讲解小型商业店铺工程的应用案例,第三部分为详图和施工图打印篇。全书讲解由浅入深、简单实用,方便读者快速掌握AutoCAD的相关制图命令,并通过系统的案例能使读者迅速掌握AutoCAD在小型商业店铺设计中的绘图技巧。
●
相关链接 在E读中查询图书 在五车中查询图书 在当当中查询图书 在豆瓣中查询图书


正题名:AutoCAD 2016小型商铺室内设计案例详解     索取号:TU238-39/1379         预约/预借

序号 登录号 条形码 馆藏地/架位号 状态 备注
1 1023944   210239446   第二样本阅览室/ [索取号:TU238-39/1379] 在馆    
2 1023945   210239455   密集书库-生命科学系/ [索取号:TU238-39/1379] 在馆    
3 1023946   210239464   第三借阅区/ [索取号:TU238-39/1379] 在馆    
4 1023947   210239473   第三借阅区/ [索取号:TU238-39/1379] 在馆    
5 1024361   210243618   第三借阅区/ [索取号:TU238-39/1379] 在馆    
欢迎您!
大连网信软件有限公司© 版权所有